Historia del dragón y la princesa / (Record no. 158347)

MARC details
000 -CABECERA
campo de control de longitud fija 00650nam a2200217 u 4500
005 - FECHA Y HORA DE LA ÚLTIMA TRANSACCIÓN
campo de control 20240912063841.0
008 - ELEMENTOS DE LONGITUD FIJA--INFORMACIÓN GENERAL
campo de control de longitud fija 120816s2007 ag r 000 0 spa d
020 ## - NÚMERO INTERNACIONAL NORMALIZADO PARA LIBROS
Número Internacional Estándar del Libro 9789875730472
035 ## - NÚMERO DE CONTROL DEL SISTEMA
Número de control de sistema UPN01000186244
049 ## - COLECCIÓN
Colección I
050 #4 - SIGNATURA TOPOGRÁFICA DE LA BIBLIOTECA DEL CONGRESO
Número de clasificación PZ74
Número de documento/Ítem R6.4
100 1# - ASIENTO PRINCIPAL--NOMBRE PERSONAL
Nombre de persona Roldán, Gustavo,
Fechas asociadas al nombre 1935-2012
9 (RLIN) 30946
245 10 - MENCIÓN DE TÍTULO
Título Historia del dragón y la princesa /
Mención de responsabilidad, etc. Gustavo Roldán ; il. Mariela Glüzmann.
260 ## - PUBLICACIÓN, DISTRIBUCIÓN, ETC.
Lugar de publicación, distribución, etc. Buenos Aires :
Nombre del editor, distribuidor, etc. SM,
Fecha de publicación, distribución, etc. 2007.
300 ## - DESCRIPCIÓN FÍSICA
Extensión 47 p. :
Otras características físicas il. col.
440 #3 - MENCIÓN DE SERIE/ASIENTO SECUNDARIO--TÍTULO
Título El barco de vapor ;
Designación de volumen o secuencia 4
650 #0 - ASIENTO SECUNDARIO DE MATERIA - TERMINO TEMATICO
Término de materia o nombre geográfico como elemento de entrada Cuentos de hadas
9 (RLIN) 5259
650 #4 - ASIENTO SECUNDARIO DE MATERIA - TERMINO TEMATICO
Término de materia o nombre geográfico como elemento de entrada Cuentos infantiles argentinos
9 (RLIN) 7466
905 ## - TIPO DE MATERIAL
Tipo de material Infantil
Holdings
Estado de retiro Estado de pérdida Fuente del sistema de clasificación o colocación Estado dañado No para préstamo Código de colección Localización permanente Ubicación/localización actual Ubicación en estantería Fecha de adquisición Total de préstamos Clasificación Código de barras Fecha visto por última vez Número de copia Tipo de ítem Koha
    Library of Congress Classification     Infantil Bib. Gregorio Torres Quintero Bib. Gregorio Torres Quintero Sala infantil Planta baja 10/05/2023 1 PZ74 R6.4 257591 31/12/2020 1 Libro